|
|
|
|
| LEADER |
00000cam a2200000 7i4500 |
| 001 |
0000000945 |
| 005 |
20140323.0 |
| 020 |
0 |
0 |
|a 9251027579
|
| 090 |
0 |
0 |
|a FAO634.90954
|b REV 1989
|
| 245 |
0 |
0 |
|a REVIEW of forest management systems of tropical Asia :
|b Case-studies of natural forest management for timber production in India, Malaysia, and the Philippines
|
| 260 |
0 |
0 |
|a Rome :
|b Food and Agriculture Organization of the United Nations ,
|c 1989
|
| 300 |
|
|
|a ii, 228 p. ;
|c 30 cm.
|
| 440 |
0 |
0 |
|a FAO forestry paper ; 89
|
| 650 |
0 |
0 |
|a Rain forests
|z Asia, Southeastern
|x Management
|
| 710 |
1 |
1 |
|a Food and Agriculture Organization of the United Nations (FAO)
|
| 998 |
|
|
|a JPSM
|
| 999 |
|
|
|a 0000001993
|b Monograph
|c Reference
|e Default branch
|
| 999 |
|
|
|a 0000004649
|b Monograph
|c Open Shelf
|e Default branch
|
| 999 |
|
|
|a 000004648
|b Monograph
|c Open Shelf
|e Default branch
|